The art of the world's greatest watercolourists

Bibliographic Details
Main Author: Hackney, Fiona
Other Authors: eHackney, Isla
Format: Book
Published: London : The Apple Press , 1990
Subjects:

MARC

LEADER 00000cam a2200000 7i4500
001 0000009977
002 000010873
005 20161103.0
020 |a 1850762015 
090 0 0 |a 751.422092   |b HAC 
100 1 |a Hackney, Fiona 
245 1 4 |a The art of the world's greatest watercolourists   |c Fiona and Isla Hackney 
260 |a London :   |b The Apple Press ,   |c 1990 
300 |a 127p. :   |b ill ;   |c 29cm. 
650 0 0 |a Watercolor painting   |x Technique 
650 0 0 |a Watercolorists 
700 1 |a eHackney, Isla 
999 |a 022122   |b BUKU   |c PINJAMAN   |e PERPUSTAKAAN KOMUNITI PETALING JAYA 
999 |a 031498   |b BUKU   |c PINJAMAN   |e PERPUSTAKAAN KOMUNITI PETALING JAYA 
999 |a 031499   |b BUKU   |c PINJAMAN   |e PERPUSTAKAAN KOMUNITI PETALING JAYA